A dictionary of Japanese art terms: bilingual japanese and english
Guardat en:
| Format: | Llibre |
|---|---|
| Idioma: | japonès anglès |
| Publicat: |
Tokio
Tokyo Bijutsu
1990
|
| Matèries: | |
| Etiquetes: |
Afegir etiqueta
Sense etiquetes, Sigues el primer a etiquetar aquest registre!
|
MARC
| LEADER | 00000nam a2200000 a 4500 | ||
|---|---|---|---|
| 001 | UCI1590 | ||
| 003 | CL-VaPUC | ||
| 008 | 070706e19900000JA |||||||||||||||||jpn|d | ||
| 020 | |a 80870658X | ||
| 041 | 0 | 7 | |a jpn |2 CL-VaPUC |
| 041 | 0 | 7 | |a eng |2 CL-VaPUC |
| 082 | 0 | 4 | |a 495.6 |b DIC |2 21 |
| 245 | 1 | 2 | |a A dictionary of Japanese art terms: bilingual japanese and english |
| 300 | |a 793 p | ||
| 942 | |c BK | ||
| 945 | |d 20070706 00:00:00 |a jtorresc | ||
| 260 | |a Tokio |b Tokyo Bijutsu |c 1990 | ||
| 650 | 7 | |a LENGUA JAPONESA |2 CL-VaPUC |9 504841 | |
| 650 | 0 | |a Diccionarios |9 256200 | |
| 650 | 0 | |a Arte japonés |9 268878 | |
| 651 | 0 | |a Japón |9 260391 | |
| 583 | |a last modification |c 20070706 00:00:00 |k Rodrigo Vera | ||
| 999 | |c 326373 |d 326371 | ||
| 952 | |0 0 |1 2 |4 0 |6 495_600000000000000_DIC_1990 |7 0 |8 X |9 408235 |a BIBGIM |b BIBGIM |d 2019-11-22 |i 4212576 |o 495.6 DIC 1990 |p 4212576 |r 2019-11-22 |w 2019-11-22 |y BK_X |k ORI | ||